[Event "6th Karoun Masters Cup 2019"]
[Site "Ahvaz"]
[Date "2019.02.21"]
[Round "1.1"]
[White "Grigoryan, Karen H."]
[Black "Gaboyan, Susanna"]
[Result "1/2-1/2"]
[WhiteElo "2590"]
[BlackElo "2133"]
[Annotator "ChessBase"]
[PlyCount "112"]
[EventDate "2019.02.21"]
[EventType "swiss"]
[EventRounds "9"]
[EventCountry "IRI"]
[SourceTitle "playchess.com"]
[Source "ChessBase"]
[SourceQuality "1"]
[TimeControl "5400+30"]

1. d4 {[%emt 0:00:00]} Nf6 {[%emt 0:00:00]} 2. c4 {[%emt 0:00:00]} g6 {[%emt 0:00:00]} 3. Nc3 {[%emt 0:01:21]} d5 {[%emt 0:00:04]} 4. Nf3 {[%emt 0:01:43]} Bg7 {[%emt 0:00:13]} 5. h4 {[%emt 0:00:12]} c6 {[%emt 0:13:59]} 6. Bg5 {[%emt 0:00:40]} Ne4 {[%emt 0:17:35]} 7. cxd5 {[%emt 0:09:18]} cxd5 {[%emt 0:07:41]} 8. Bf4 {[%emt 0:02:18]} Nc6 {[%emt 0:04:56]} 9. e3 {[%emt 0:06:59]} Qa5 {[%emt 0:14:03]} 10. Qb3 {[%emt 0:06:12]} Nxc3 {[%emt 0:03:49]} 11. bxc3 {[%emt 0:04:35]} Bg4 {[%emt 0:07:24]} 12. Be2 {[%emt 0:00:56]} O-O {[%emt 0:02:18]} 13. O-O {[%emt 0:01:53]} e5 {[%emt 0:05:45]} 14. dxe5 {[%emt 0:04:39]} Nxe5 {[%emt 0:03:28]} 15. Bxe5 {[%emt 0:00:16]} Bxe5 {[%emt 0:00:25]} 16. Nxe5 {[%emt 0:00:10]} Bxe2 {[%emt 0:00:18]} 17. Rfe1 {[%emt 0:00:22]} Bc4 {[%emt 0:01:03]} 18. Qxb7 {[%emt 0:03:08]} Qxc3 {[%emt 0:00:33]} 19. Nd7 {[%emt 0:11:54]} Rfd8 {[%emt 0:00:21]} 20. Rac1 {[%emt 0:00:52]} Qg7 {[%emt 0:01:07]} 21. e4 {[%emt 0:01:03]} f6 {[%emt 0:10:15]} 22. exd5 {[%emt 0:00:38]} Qxd7 {[%emt 0:00:03]} 23. Qxd7 {[%emt 0:00:07]} Rxd7 {[%emt 0:00:04]} 24. Rxc4 {[%emt 0:00:06]} Rad8 {[%emt 0:01:41]} 25. Ra4 {[%emt 0:00:37]} Kf7 {[%emt 0:02:08]} 26. Kh2 {[%emt 0:03:20]} Rb8 {[%emt 0:01:47]} 27. Ra5 {[%emt 0:00:18]} Rb2 {[%emt 0:00:25]} 28. f3 {[%emt 0:03:22]} Rd2 {[%emt 0:00:21]} 29. Ra6 {[%emt 0:00:16]} R2xd5 {[%emt 0:01:01]} 30. Ree6 {[%emt 0:00:07]} Rf5 {[%emt 0:01:01]} 31. Rec6 {[%emt 0:00:25]} Kg7 {[%emt 0:00:32]} 32. Rc4 {[%emt 0:02:56]} Re5 {[%emt 0:00:20]} 33. Rca4 {[%emt 0:00:52]} Ree7 {[%emt 0:00:13]} 34. h5 {[%emt 0:00:06]} gxh5 {[%emt 0:00:46]} 35. Rf4 {[%emt 0:00:18]} Re2 {[%emt 0:01:07]} 36. Kh3 {[%emt 0:01:09]} Rdd2 {[%emt 0:00:37]} 37. Rxa7+ {[%emt 0:01:44]} Kg6 {[%emt 0:00:12]} 38. Ra6 {[%emt 0:00:35]} Rxg2 {[%emt 0:00:02]} 39. Rfxf6+ {[%emt 0:00:52]} Kg7 {[%emt 0:00:05]} 40. Rfc6 {[%emt 0:00:45]} Rxa2 {[%emt 0:01:46]} 41. Rc7+ {[%emt 0:00:06]} Kg8 {[%emt 0:00:23]} 42. Rd6 {[%emt 0:02:13]} Rad2 {[%emt 0:00:14]} 43. Rh6 {[%emt 0:00:13]} Rg7 {[%emt 0:00:17]} 44. Rc8+ {[%emt 0:00:05]} Kf7 {[%emt 0:00:02]} 45. Rxh5 {[%emt 0:00:13]} Rdg2 {[%emt 0:01:14]} 46. Rc7+ {[%emt 0:00:50]} Kf6 {[%emt 0:00:04]} 47. Rc6+ {[%emt 0:00:19]} Ke7 {[%emt 0:00:14]} 48. Ra5 {[%emt 0:04:07]} R2g3+ {[%emt 0:01:12]} 49. Kh4 {[%emt 0:00:06]} Rg1 {[%emt 0:00:13]} 50. Ra7+ {[%emt 0:01:08]} Kd8 {[%emt 0:00:02]} 51. Rxg7 {[%emt 0:00:06]} Rxg7 {[%emt 0:00:07]} 52. f4 {[%emt 0:00:17]} Ke7 {[%emt 0:00:14]} 53. Kh5 {[%emt 0:00:10]} Kf7 {[%emt 0:00:35]} 54. Rc5 {[%emt 0:00:38]} Kf6 {[%emt 0:00:15]} 55. Kh6 {[%emt 0:00:24]} Rg4 {[%emt 0:00:10]} 56. Rc6+ {[%emt 0:00:09]} Kf5 {[%emt 0:00:05]} 1/2-1/2

[Event "6th Karoun Masters Cup 2019"]
[Site "Ahvaz"]
[Date "2019.02.21"]
[Round "1.2"]
[White "Azadi, Amirmohammad"]
[Black "Bernadskiy, Vitaliy"]
[Result "1/2-1/2"]
[WhiteElo "2109"]
[BlackElo "2570"]
[Annotator "ChessBase"]
[PlyCount "242"]
[EventDate "2019.02.21"]
[EventType "swiss"]
[EventRounds "9"]
[EventCountry "IRI"]
[SourceTitle "playchess.com"]
[Source "ChessBase"]
[SourceQuality "1"]
[TimeControl "5400+30"]

1. c4 {[%emt 0:00:00]} g6 {[%emt 0:00:00]} 2. g3 {[%emt 0:00:00]} Bg7 {[%emt 0:00:03]} 3. Bg2 {[%emt 0:00:06]} c5 {[%emt 0:00:36]} 4. Nc3 {[%emt 0:00:15]} Nc6 {[%emt 0:00:03]} 5. a3 {[%emt 0:00:49]} d6 {[%emt 0:00:56]} 6. Nf3 {[%emt 0:00:21]} e6 {[%emt 0:01:17]} 7. O-O {[%emt 0:00:37]} Nge7 {[%emt 0:00:02]} 8. d3 {[%emt 0:01:19]} O-O {[%emt 0:00:12]} 9. Bd2 {[%emt 0:00:45]} Qd7 {[%emt 0:01:05]} 10. Rb1 {[%emt 0:00:50]} b6 {[%emt 0:00:06]} 11. Qc1 {[%emt 0:01:22]} Rd8 {[%emt 0:00:56]} 12. Bh6 {[%emt 0:02:41]} Bh8 {[%emt 0:00:14]} 13. b4 {[%emt 0:02:25]} Bb7 {[%emt 0:00:04]} 14. Bg5 {[%emt 0:07:32]} f6 {[%emt 0:07:02]} 15. Bd2 {[%emt 0:04:20]} Rac8 {[%emt 0:00:05]} 16. bxc5 {[%emt 0:04:24]} dxc5 {[%emt 0:00:13]} 17. Nb5 {[%emt 0:00:05]} e5 {[%emt 0:00:37]} 18. a4 {[%emt 0:01:13]} a5 {[%emt 0:00:28]} 19. Bc3 {[%emt 0:02:45]} Nb4 {[%emt 0:01:56]} 20. Qb2 {[%emt 0:03:46]} Nec6 {[%emt 0:03:23]} 21. Nd2 {[%emt 0:02:22]} Nd4 {[%emt 0:02:02]} 22. Bxd4 {[%emt 0:01:47]} exd4 {[%emt 0:01:11]} 23. Bxb7 {[%emt 0:15:47]} Qxb7 {[%emt 0:00:04]} 24. f4 {[%emt 0:00:17]} f5 {[%emt 0:01:25]} 25. Nf3 {[%emt 0:00:13]} Rc6 {[%emt 0:01:03]} 26. Rf2 {[%emt 0:01:15]} Re6 {[%emt 0:00:27]} 27. Qd2 {[%emt 0:08:50]} Qe7 {[%emt 0:00:50]} 28. Rb2 {[%emt 0:07:46]} Bf6 {[%emt 0:01:18]} 29. Qd1 {[%emt 0:00:21]} h6 {[%emt 0:00:21]} 30. Qf1 {[%emt 0:00:23]} Re8 {[%emt 0:01:57]} 31. Qh3 {[%emt 0:00:59]} Qg7 {[%emt 0:01:32]} 32. Rd2 {[%emt 0:02:54]} R8e7 {[%emt 0:00:26]} 33. Rg2 {[%emt 0:00:37]} h5 {[%emt 0:01:21]} 34. Rf2 {[%emt 0:04:05]} Qh6 {[%emt 0:01:22]} 35. Na3 {[%emt 0:02:05]} Nc6 {[%emt 0:01:40]} 36. Rb2 {[%emt 0:03:15]} Nb4 {[%emt 0:01:42]} 37. Rd2 {[%emt 0:00:01]} Na6 {[%emt 0:02:36]} 38. Rb2 {[%emt 0:00:41]} Rh7 {[%emt 0:00:32]} 39. Nh4 {[%emt 0:03:53]} Rhe7 {[%emt 0:01:29]} 40. Nf3 {[%emt 0:00:03]} Nb8 {[%emt 0:00:34]} 41. Nb5 {[%emt 0:00:40]} Nc6 {[%emt 0:00:53]} 42. Na3 {[%emt 0:00:22]} Nd8 {[%emt 0:00:05]} 43. Qf1 {[%emt 0:00:12]} h4 {[%emt 0:01:10]} 44. Qb1 {[%emt 0:04:00]} Rb7 {[%emt 0:01:33]} 45. Qf1 {[%emt 0:02:07]} Rh7 {[%emt 0:01:08]} 46. Rg2 {[%emt 0:00:50]} hxg3 {[%emt 0:00:56]} 47. hxg3 {[%emt 0:00:31]} Qf8 {[%emt 0:00:55]} 48. Rh2 {[%emt 0:00:47]} Rxh2 {[%emt 0:01:57]} 49. Kxh2 {[%emt 0:02:19]} Nf7 {[%emt 0:00:46]} 50. Nb5 {[%emt 0:00:33]} Qe7 {[%emt 0:00:42]} 51. Kg2 {[%emt 0:01:23]} Nh6 {[%emt 0:00:04]} 52. Kf2 {[%emt 0:01:12]} Re3 {[%emt 0:00:31]} 53. Qh1 {[%emt 0:01:30]} Ng4+ {[%emt 0:00:35]} 54. Kf1 {[%emt 0:00:03]} Kg7 {[%emt 0:01:20]} 55. Na3 {[%emt 0:01:44]} Qd7 {[%emt 0:01:03]} 56. Nb5 {[%emt 0:00:28]} Re8 {[%emt 0:00:21]} 57. Qg1 {[%emt 0:00:53]} Rh8 {[%emt 0:00:49]} 58. Ke1 {[%emt 0:00:35]} Qe7 {[%emt 0:00:37]} 59. Na3 {[%emt 0:00:38]} Qe3 {[%emt 0:00:23]} 60. Rb1 {[%emt 0:00:51]} Qe6 {[%emt 0:03:59]} 61. Nc2 {[%emt 0:00:28]} Qc6 {[%emt 0:01:59]} 62. Rb5 {[%emt 0:00:25]} Nh6 {[%emt 0:00:41]} 63. Qg2 {[%emt 0:01:36]} Nf7 {[%emt 0:00:38]} 64. Nh4 {[%emt 0:00:26]} Qxg2 {[%emt 0:00:53]} 65. Nxg2 {[%emt 0:00:02]} Rh1+ {[%emt 0:00:04]} 66. Kf2 {[%emt 0:00:14]} Rc1 {[%emt 0:00:26]} 67. Nge1 {[%emt 0:00:12]} g5 {[%emt 0:04:27]} 68. fxg5 {[%emt 0:01:39]} Bxg5 {[%emt 0:00:08]} 69. Rxb6 {[%emt 0:00:29]} Ne5 {[%emt 0:00:37]} 70. Rb2 {[%emt 0:00:25]} Ng4+ {[%emt 0:00:52]} 71. Kg2 {[%emt 0:00:27]} Bd2 {[%emt 0:00:47]} 72. Nf3 {[%emt 0:02:31]} Bc3 {[%emt 0:01:40]} 73. Rb7+ {[%emt 0:00:32]} Kf6 {[%emt 0:00:03]} 74. Na3 {[%emt 0:00:51]} Ra1 {[%emt 0:01:51]} 75. Nb5 {[%emt 0:00:33]} Ra2 {[%emt 0:00:04]} 76. Rb6+ {[%emt 0:00:37]} Kg7 {[%emt 0:00:15]} 77. Rb7+ {[%emt 0:00:06]} Kh6 {[%emt 0:00:15]} 78. Re7 {[%emt 0:00:53]} Rxa4 {[%emt 0:00:26]} 79. Nd6 {[%emt 0:00:44]} Ne3+ {[%emt 0:00:17]} 80. Kh3 {[%emt 0:00:21]} Ra1 {[%emt 0:00:33]} 81. Re6+ {[%emt 0:00:36]} Kh5 {[%emt 0:02:02]} 82. Kh2 {[%emt 0:00:54]} Rb1 {[%emt 0:01:30]} 83. Ne8 {[%emt 0:00:42]} Ng4+ {[%emt 0:00:36]} 84. Kg2 {[%emt 0:00:01]} Rb7 {[%emt 0:00:21]} 85. Nh4 {[%emt 0:00:59]} a4 {[%emt 0:02:00]} 86. Ng6 {[%emt 0:00:27]} Bd2 {[%emt 0:00:26]} 87. Ne7 {[%emt 0:00:01]} Bh6 {[%emt 0:00:26]} 88. Nd5 {[%emt 0:01:19]} Ra7 {[%emt 0:04:32]} 89. Nef6+ {[%emt 0:00:41]} Nxf6 {[%emt 0:00:20]} 90. Nxf6+ {[%emt 0:00:02]} Kg6 {[%emt 0:02:27]} 91. Ng4+ {[%emt 0:00:09]} Kf7 {[%emt 0:00:27]} 92. Rxh6 {[%emt 0:00:40]} Kg7 {[%emt 0:00:03]} 93. Rh4 {[%emt 0:00:32]} a3 {[%emt 0:00:26]} 94. Nh6 {[%emt 0:00:54]} f4 {[%emt 0:08:22]} 95. Rxf4 {[%emt 0:00:36]} Kxh6 {[%emt 0:00:10]} 96. Rf1 {[%emt 0:00:04]} Re7 {[%emt 0:00:45]} 97. Rf6+ {[%emt 0:00:34]} Kg5 {[%emt 0:00:03]} 98. Ra6 {[%emt 0:00:25]} Rxe2+ {[%emt 0:00:05]} 99. Kh3 {[%emt 0:00:24]} a2 {[%emt 0:00:20]} 100. Ra5 {[%emt 0:00:01]} Kf6 {[%emt 0:00:08]} 101. Kg4 {[%emt 0:00:45]} Rd2 {[%emt 0:00:55]} 102. Kf4 {[%emt 0:00:11]} Rxd3 {[%emt 0:01:39]} 103. Ra6+ {[%emt 0:00:01]} Ke7 {[%emt 0:00:15]} 104. Rxa2 {[%emt 0:00:01]} Rc3 {[%emt 0:00:08]} 105. Ra4 {[%emt 0:00:04]} Rc1 {[%emt 0:03:45]} 106. g4 {[%emt 0:00:47]} Ke6 {[%emt 0:01:25]} 107. Ra6+ {[%emt 0:00:20]} Kd7 {[%emt 0:00:04]} 108. Ra4 {[%emt 0:00:12]} Rf1+ {[%emt 0:00:43]} 109. Ke4 {[%emt 0:00:09]} Kc6 {[%emt 0:02:20]} 110. Ra6+ {[%emt 0:00:12]} Kb7 {[%emt 0:00:06]} 111. Ra2 {[%emt 0:00:43]} Kc6 {[%emt 0:01:16]} 112. Ra6+ {[%emt 0:00:11]} Kc7 {[%emt 0:00:05]} 113. Ra2 {[%emt 0:00:15]} Kd6 {[%emt 0:00:40]} 114. Ra6+ {[%emt 0:00:05]} Ke7 {[%emt 0:00:04]} 115. Kd5 {[%emt 0:01:04]} d3 {[%emt 0:01:15]} 116. Ra2 {[%emt 0:00:08]} Rf8 {[%emt 0:00:11]} 117. Kxc5 {[%emt 0:00:34]} Rd8 {[%emt 0:00:03]} 118. Rd2 {[%emt 0:00:07]} Ke6 {[%emt 0:00:03]} 119. Kb4 {[%emt 0:00:54]} Ke5 {[%emt 0:00:14]} 120. Kc3 {[%emt 0:00:15]} Ke4 {[%emt 0:00:17]} 121. Rd1 {[%emt 0:00:13]} Ke5 1/2-1/2

[Event "6th Karoun Masters Cup 2019"]
[Site "Ahvaz"]
[Date "2019.02.21"]
[Round "1.3"]
[White "Mosadeghpour, Masoud"]
[Black "Mahdian, Anousha"]
[Result "1-0"]
[WhiteElo "2531"]
[BlackElo "2100"]
[Annotator "RC"]
[PlyCount "51"]
[EventDate "2019.02.21"]
[EventType "swiss"]
[EventRounds "9"]
[EventCountry "IRI"]
[SourceTitle "playchess.com"]
[Source "ChessBase"]
[SourceQuality "1"]
[TimeControl "5400+30"]

1. e4 {[%emt 0:00:00]} c6 {[%emt 0:00:00]} 2. d4 {[%emt 0:00:00]} d5 {[%emt 0:00:00]} 3. e5 {[%emt 0:00:00]} Bf5 {[%emt 0:00:00]} 4. h4 {[%emt 0:00:00]} h5 {[%emt 0:00:00]} 5. Bd3 {[%emt 0:00:00]} Bxd3 {[%emt 0:00:00]} 6. Qxd3 {[%emt 0:00:00]} e6 {[%emt 0:00:20]} 7. Bg5 {[%emt 0:00:00]} Qb6 {[%emt 0:00:03]} 8. Nd2 {[%emt 0:00:00]} c5 {[%emt 0:00:03]} 9. c4 {[%emt 0:00:05]} Qxb2 {[%emt 0:00:04]} 10. Rd1 {[%emt 0:00:04]} Nc6 {[%emt 0:01:54]} 11. Ngf3 {[%emt 0:00:32]} Nge7 {[%emt 0:18:35]} 12. O-O {[%emt 0:02:01]} Nb4 {[%emt 0:03:41]} 13. Qe2 {[%emt 0:13:55]} Nec6 {[%emt 0:13:32]} 14. cxd5 {[%emt 0:09:18]} Nxd5 {[%emt 0:02:53]} 15. Rb1 {[%emt 0:05:11]} Nc3 {[%emt 0:13:30]} 16. Qc4 {[%emt 0:20:41]} b5 {[%emt 0:02:26]} 17. Rxb2 {[%emt 0:18:01]} bxc4 {[%emt 0:00:05]} 18. Nxc4 {[%emt 0:00:05]} cxd4 {[%emt 0:03:35]} 19. Rb7 {[%emt 0:01:42]} Rc8 {[%emt 0:01:25]} 20. Nd6+ {[%emt 0:00:53]} Bxd6 {[%emt 0:00:09]} 21. exd6 {[%emt 0:00:01]} O-O {[%emt 0:13:24]} 22. d7 {[%emt 0:00:13]} Rb8 {[%emt 0:00:13]} 23. Rc7 {[%emt 0:01:26]} Rb6 {[%emt 0:08:32]} 24. Nxd4 {[%emt 0:06:05]} Nxd4 {[%emt 0:00:18]} 25. Be7 {[%emt 0:00:22]} e5 {[%emt 0:08:55]} 26. Rc8 {[%emt 0:01:29]} 1-0

[Event "6th Karoun Masters Cup 2019"]
[Site "Ahvaz"]
[Date "2019.02.21"]
[Round "1.4"]
[White "Asadi, Motahare"]
[Black "Lorparizangeneh, Shahin"]
[Result "0-1"]
[WhiteElo "2077"]
[BlackElo "2493"]
[Annotator "TA"]
[PlyCount "140"]
[EventDate "2019.02.21"]
[EventType "swiss"]
[EventRounds "9"]
[EventCountry "IRI"]
[SourceTitle "playchess.com"]
[Source "ChessBase"]
[SourceQuality "1"]

{[%evp 9,140,23,43,33,27,37,26,28,48,19,29,11,4,0,26,-20,-20,-15,-12,-59,-43,-47,-34,-58,-34,-33,-31,-39,-31,-31,-33,-27,-31,-39,-58,-48,-45,-286,-297,-264,-8,-97,-81,-73,-77,-77,-73,-77,-73,-75,-73,-73,-73,-73,-73,-79,-73,-73,-73,-68,-43,-48,0,-116,-115,-121,-123,-123,-87,-79,-85,-75,-20,-28,-22,-30,-9,-49,-35,-43,-4,-6,14,9,12,0,0,-8,-8,-8,-8,-9,-7,0,0,-15,-33,-33,-28,-150,0,-426,-418,-541,-435,-369,-60,-129,-8,-36,0,-83,-8,-12,-8,-8,-10,-248,-247,-247,-247,-245,-243,-233,-207,-252,-229,-230,-213,-570,-556,-591,-585]} 1. e4 e5 2. Nf3 Nc6 3. Bb5 Nge7 4. Nc3 Ng6 5. d4 exd4 6. Nxd4 {C60: Ruy Lopez: Unusual Black 3rd moves and 3...g6} Nxd4 7. Qxd4 c6 8. Be2 {White has an edge.} Qb6 9. Qxb6 (9. Be3 {feels hotter.} Qxb2 10. Rb1 Qa3 11. f4 Qd6 12. O-O) (9. Be3 Qxd4 10. Bxd4 Nf4 11. Bf3 Ne6 12. Be3 f6 {½-½ (39) Guseinov,G (2664)-Motylev,A (2644) St Petersburg 2018}) 9... axb6 10. O-O Bc5 11. b3 b5 12. Bb2 O-O 13. g3 $146 d6 14. a3 Bh3 15. Rfd1 f5 $1 16. b4 Bb6 {aiming for ...f4.} 17. Rxd6 fxe4 18. Nd1 Rad8 $36 {[%mdl 2048] Black has some pressure.} 19. Rxd8 Rxd8 20. Bc3 Ne7 21. Ne3 Nd5 22. Nxd5 cxd5 23. Rd1 $2 (23. Be1 $15) 23... Rc8 $19 24. Be1 e3 $2 (24... Rxc2 25. Rd2 $19) ({Black should play} 24... d4 $19 25. Rb1 Rxc2) 25. fxe3 (25. c3 $11 {keeps the balance.}) 25... Bxe3+ 26. Bf2 Rxc2 27. Bxe3 Rxe2 $17 {[%mdl 4096] Endgame KRB-KRB} 28. Bc5 Rg2+ 29. Kh1 Rc2 30. Kg1 Bg2 31. Be3 Be4 32. Rc1 Rg2+ 33. Kf1 Rxh2 34. Rc7 Rh1+ 35. Ke2 Rh2+ 36. Bf2 (36. Kf1 $11) 36... d4 $1 37. Rd7 d3+ 38. Ke3 Bg6 39. Rxb7 Rh5 $1 40. Kd2 Re5 ({Black should try} 40... Kf8 $17 {Hoping for ...Rh2.} 41. Bc5+ Ke8) 41. Be3 $11 Be4 42. Rc7 Rh5 43. Rc5 Rh2+ 44. Kc3 $1 Ra2 {White should prevent ...Bg6.} 45. Rxb5 Rc2+ 46. Kd4 Bg6 {And now ...d2 would win.} 47. Ke5 Rc4 48. Bd2 Re4+ 49. Kd6 $1 Re2 50. Bf4 Be4 51. Kc5 h6 52. Rb8+ Kf7 53. Rd8 g5 54. Be5 (54. Bc7 $1 $11) 54... Bg6 (54... Ke7 $17 55. Rd6 Rc2+ 56. Kd4 Bg6 $1 {[%mdl 576] Promotion}) 55. Bh8 $2 {[%mdl 8192]} (55. Bc3 $1 $11 {and White has nothing to worry.}) 55... Rc2+ $19 56. Kd4 Ke7 57. Rd5 Ra2 $2 (57... Rc8 $19 58. a4 Rxh8) 58. Bg7 {[#]} (58. b5 $15) 58... h5 ({Of course not} 58... Rxa3 $6 59. Ke5 $11) (58... Ke6 $1 $17 {Strongly threatening ...d2.} 59. Rd8 h5) 59. Bh6 $11 g4 (59... Ke6 $5 {[%cal Rd3d2]} 60. Rxg5 Bf5 61. Rxh5 d2 $11) 60. Kc5 (60. Bg5+ $11 {remains equal.} Ke6 61. Re5+ Kf7 62. Rd5) 60... h4 (60... Rc2+ $17 61. Kd4 h4 62. gxh4 g3 63. Bg5+ Ke6 64. Re5+ Kd7 65. Rd5+ Ke6 66. Re5+ Kd7 67. Rd5+ Ke6) 61. Bg5+ Ke6 62. Rd6+ Ke5 {...Rc2+ is the strong threat.} 63. Bf4+ $2 (63. Rd5+ $11 {and White stays safe.} Ke4 64. Rd4+ Kf3 65. Bxh4) 63... Kf5 $19 64. Rxd3 {White wants to play Rd5+.} h3 65. b5 h2 {[%mdl 1024] Black has strong compensation.} 66. Rd1 Ke6 {White must now prevent ...Be4.} ({And not} 66... Rxa3 67. Rh1 $11) 67. Kd4 Be8 ({Not} 67... Rxa3 68. Rh1 $11) 68. Re1+ Kf7 69. Kc4 $2 (69. Kc5) 69... Rc2+ 70. Kb3 Rg2 {Accuracy: White = 43%, Black = 57%.} 0-1

[Event "6th Karoun Masters Cup 2019"]
[Site "Ahvaz"]
[Date "2019.02.21"]
[Round "1.5"]
[White "Khodashenas, Mersad"]
[Black "Daneshpour, S.A."]
[Result "1-0"]
[WhiteElo "2455"]
[BlackElo "2076"]
[Annotator "TA"]
[PlyCount "69"]
[EventDate "2019.02.21"]
[EventType "swiss"]
[EventRounds "9"]
[EventCountry "IRI"]
[SourceTitle "playchess.com"]
[Source "ChessBase"]
[SourceQuality "1"]

{[%evp 17,69,2,16,0,0,0,16,0,14,0,0,0,6,13,12,-5,84,92,100,107,89,67,72,38,47,12,20,25,101,52,142,156,214,218,323,308,515,496,524,515,885,875,998,616,1022,943,934,887,29990,29987,29988,1634,29991,29992]} 1. e4 e6 2. d4 d5 3. Nc3 Bb4 4. exd5 exd5 5. Bd3 Ne7 6. Qh5 Nbc6 7. Nge2 Be6 8. a3 Bxc3+ 9. bxc3 Qd7 10. Ng3 {C01: French: Exchange Variation} O-O-O 11. O-O (11. h3 g6 12. Qf3 Nf5 13. Nxf5 Bxf5 14. Bxf5 gxf5 15. O-O Rde8 16. Bf4 Re4 17. g3 h5 {1-0 (30) Onischuk,V (2612)-Kovalenko,I (2700) Berlin 2015}) 11... Rdg8 12. h3 {The position is equal.} h6 13. a4 $146 {[%cal Ba3a4,Ba4a5,Ba5a6][%mdl 32]} ({Predecessor:} 13. Qe2 h5 14. f4 g6 15. Re1 h4 16. Nf1 Nf5 17. Qf2 f6 {0-1 (96) Shukla,R (1787)-Jacutina,J (2106) Pattaya 2015}) 13... g6 14. Qf3 Nf5 15. Nxf5 Bxf5 16. a5 Re8 (16... a6 $11) 17. a6 $16 b6 18. Bb5 Kb8 19. Be3 Be4 20. Qd1 Qd6 21. Qd2 {aiming for f3.} g5 $1 22. Rae1 Bf5 (22... f6 $11 {remains equal.}) 23. c4 {[%cal Bc3c4,Bc4c5][%mdl 32]} Bd7 (23... dxc4 $1 $14 24. d5 (24. Bxc4 Nb4 $14) 24... Ne7) 24. c5 $36 {[%mdl 2048] White is in control.} Qg6 (24... Qe7 $16 25. Qc3 Qf6) 25. c4 $18 Qf5 (25... dxc4 $142 26. Bxc4 Na5) 26. f4 dxc4 $2 (26... gxf4 27. Rxf4 Qh5) 27. d5 c3 28. Qxc3 Qxd5 (28... Na5 $142 29. fxg5 Qxd5) 29. Rd1 Qe6 30. cxb6 cxb6 {[#]} 31. Rxd7 $1 {[%mdl 576] Remove Defender} Qxd7 32. Bxc6 Qe6 33. Bd4 f6 {[#]} 34. Bxf6 (34. Bxb6 $142 $1 {[%mdl 512]} Qe7 (34... axb6 35. a7+) 35. Bc5 Qc7 36. Qxf6 Rh7 37. Bd6 Reh8 38. Qe6 Qxd6 39. Qxd6+ Kc8 40. Rb1 Rc7 41. Rb7 Rxb7 42. axb7#) 34... Qc8 35. Be5+ {Accuracy: White = 47%, Black = 20%.} 1-0

[Event "6th Karoun Masters Cup 2019"]
[Site "Ahvaz"]
[Date "2019.02.21"]
[Round "1.6"]
[White "Esmaeilnejad, Mohammad Amin"]
[Black "Kreisl, Robert"]
[Result "0-1"]
[WhiteElo "2068"]
[BlackElo "2424"]
[Annotator "TA"]
[PlyCount "96"]
[EventDate "2019.02.21"]
[EventType "swiss"]
[EventRounds "9"]
[EventCountry "IRI"]
[SourceTitle "playchess.com"]
[Source "ChessBase"]
[SourceQuality "1"]

{[%evp 11,96,4,3,-14,-15,-13,-3,-37,-34,-24,-25,-51,-47,-61,-51,-55,-52,-62,-23,-36,-9,-22,-22,-21,-27,-23,-36,-52,0,0,0,-29,-35,-44,-4,-111,-108,-206,-171,-187,-153,-134,-147,-139,-45,-57,-15,-12,-13,-13,-17,-14,-12,-6,-14,-34,-17,-31,-27,-40,-13,-39,-22,-71,0,0,0,-91,-103,-225,-140,-135,-143,-163,-153,-256,-330,-503,-502,-2197,-2068,-5875,-5469,-6087,-6070,-5868,-5849]} 1. d4 c5 2. dxc5 e6 3. Nc3 Bxc5 4. Ne4 Nf6 5. Nxc5 Qa5+ 6. c3 {A43: Schmid Benoni} Qxc5 {LiveBook: 10 Games} 7. Qc2 (7. Nf3 O-O 8. Bf4 d5 9. e3 Nc6 10. Bd3 Qe7 11. Ne5 Nd7 12. Nxd7 Bxd7 13. O-O {½-½ (13) Zierk,S (2510)-Pakleza,Z (2506) Las Vegas 2018}) 7... d5 8. Nf3 {The position is equal.} Nc6 9. Nd2 $146 ({Predecessor:} 9. Bf4 Nh5 10. Bg3 Nxg3 11. hxg3 f5 12. e3 e5 13. Qa4 e4 {1-0 (29) Moon,B (2304)-Watson,J (2203) Saint Louis 2018}) 9... O-O 10. Nb3 Qe7 11. g3 h6 12. Bg2 e5 13. O-O Rd8 14. f4 e4 15. h3 Ne8 {[%cal Bf6e8,Be8d6,Bd6f5][%mdl 32]} 16. Be3 Nd6 17. Rad1 Nf5 18. Bf2 h5 19. Kh2 b6 ({Black should play} 19... a5 $15) 20. c4 $11 Nb4 $36 {[%mdl 2048] Black has the initiative.} 21. Qb1 {Black must now prevent a3.} Bb7 22. cxd5 Bxd5 23. Rxd5 (23. Nd4 $11 {keeps the balance.} Nxd4 24. Rxd4) 23... Nxd5 $17 ({Inferior is} 23... Rxd5 24. Bxe4 Nd6 25. Bf3 $16 (25. Bxd5 Nxd5 26. Rd1 Nf6 $14)) 24. Bxe4 (24. Qxe4 $17 Nfe3 25. Rc1 Nxg2 26. Qxe7 Nxe7 27. Kxg2) 24... Nfe3 $19 25. Rc1 Rac8 26. Rxc8 Rxc8 27. Qd3 {[#]} Nf6 (27... Rd8 $1 $17 28. Bf3 (28. Bxe3 Nf6 $17) 28... Nf1+ 29. Kg1 Nde3) 28. Bf3 $15 Re8 29. Bc6 Nf1+ 30. Kg2 Qxe2 31. Qxe2 Rxe2 32. Kxf1 Rxb2 33. Nd4 Rxa2 34. Be1 a5 35. Nb5 Rb2 {Hoping for ...a4.} 36. Nc3 Kf8 37. Bf2 Ke7 (37... Rb4 $17 {And now ...Rc4 would win.} 38. Nb5 {[#]} Nd5 $1 {[%mdl 512]}) 38. Bd4 $11 {Nd5+ is the strong threat.} Kd6 39. Bg2 (39. Bb5 $11 {remains equal.}) 39... Rb4 $17 40. Be3 (40. Be5+ $17 {only move.} Kc5 41. Ke2) 40... Rb3 41. Bd4 b5 {[%cal Bb6b5,Bb5b4][%mdl 32]} 42. Ke2 a4 {[%cal Ba5a4,Ba4a3,Ba3a2][%mdl 32]} 43. Kd1 (43. g4 $17) 43... a3 $19 44. Bf1 (44. g4 $142 hxg4 45. hxg4) 44... b4 {Black is clearly winning.} 45. Bc4 (45. Nb5+ $142 Kd7 46. Bc4 Rxg3 47. Bc5) 45... Rxc3 46. Bxc3 bxc3 47. Kc2 Nd5 48. Bb3 {[#]} a2 $1 {Precision: White = 37%, Black = 63%.} 0-1